The small temple : a Roman Imperial Cult building in Petra, Jordan /

محفوظ في:

المؤلف الرئيسي: Reid, Sara Karz (مؤلف)

التنسيق: كتاب

اللغة: English

منشور في: Piscataway, NJ : Gorgias Press, 2013.

الطبعة: 1st Gorgias Press ed.

سلاسل: Gorgias studies in classical and late antiquity ; 9.

الموضوعات:

الوسوم: إضافة وسم

لا توجد وسوم, كن أول من يضع وسما على هذه التسجيلة!

رقم الطلب: DS154.9 .P48 R45 2013

LEADER 01689namaa2200349 4500
001 23807
003 OSt
005 20211215064928.0
008 130303s2013 njuab g b 001 0 eng d
952 |0 0  |1 0  |2 lcc  |4 0  |6 DS01549 P48 R45 02013  |7 1  |9 23807  |a ARCE  |b ARCE  |d 2021-12-15  |l 0  |o DS154.9 .P48 R45 2013  |p 1009077  |r 2021-12-15 00:00:00  |w 2021-12-15  |y BK 
999 |c 22614  |d 22614 
020 |a 9781463202347 
040 |c ARCE Library 
043 |a a-jo---  |a f------  |a e-it--- 
050 4 |a DS154.9 .P48 R45 2013 
100 1 |a Reid, Sara Karz,  |e author 
245 1 4 |a The small temple :   |b a Roman Imperial Cult building in Petra, Jordan /   |c Sara Karz Reid.  |h   
250 |a 1st Gorgias Press ed. 
264 1 |a Piscataway, NJ :   |b Gorgias Press,   |c 2013. 
300 |a xvi, 236 pages :  |b illustrations, maps ;  |c 24 cm. 
490 0 |a Gorgias studies in classical and late antiquity ;   |v 9. 
500 |a "Reprinted from the 2005 edition." 
505 0 |a •1. •The Nabataeans, Petra, and the archaeological record •2. •Methodology •3. •The small temple excavation •4. •Marble, trade, and the small temple •5. •Rule worship and the imperial cult •6. •The small temple as an imperial cult building •App. 1. •Trench locations and descriptions •App. 2. •Results of marble isotopic analysis.  
555 |a Omnia 
650 0 |a Marble industry and trade  |z Jordan  |z Petra (Extinct city) 
650 0 |a Marble  |z Jordan  |z Petra (Extinct city)  |x History. 
650 0 |a Temples, Roman  |z Jordan  |z Petra (Extinct city) 
651 0 |a Africa  |x Civilization  |x Roman influences. 
651 0 |a Petra (Extinct city) 
651 0 |a Rome  |x Commerce  |x History. 
901 |a reviewed 
942 |c BK  |2 lcc